Paisaje pintoresco y entornos adecuados /

Збережено в:
Бібліографічні деталі
Автор: Santos, Eliana Sousa (autor)
Інші автори: García Millán, Juan (presentación) (presentación), Roca, Estanislau (presentación) (presentación)
Формат: Книга
Мова:Іспанська
Опубліковано: Madrid, España : Barcelona, España : Asimétricas ; Universidad Politécnica de Cataluña, Iniciativa Digital Politécnica, 2023, c2023
Серія:(Poliêdrica ; 11)
Предмети:
Теги: Додати тег
Немає тегів, Будьте першим, хто поставить тег для цього запису!

MARC

LEADER 00000nam^a2200000^a^4500
001 000628597
005 20260219000000.0
009 20260310134115.673
020 |a 978-84-19050-50-2 
020 |a 978-84-9880-489-8 
037 |a Acervo ITESO - Biblioteca 
041 |a ESP 
082 |a 724. 6  |b SAN 
100 |a Santos, Eliana Sousa  |e (autor) 
245 1 0 |a Paisaje pintoresco y entornos adecuados /  |c E.S. Santos ; presen. de J. García Millán, E. Roca. 
264 4 |a Madrid, España :  |b Asimétricas ;  |a Barcelona, España :  |b Universidad Politécnica de Cataluña, Iniciativa Digital Politécnica,  |c 2023, c2023 
300 |a 161 p. 
336 |a texto  |b txt  |2 rdacontenido 
337 |a sin mediación  |b n  |2 rdamedio 
338 |a volumen  |b nc  |2 rdasoporte 
440 1 |a (Poliêdrica ;  |v 11) 
521 |a Peticiones 2026 
649 |a XX 
650 |a Arquitectura del Paisaje -  |x Historia y Crítica -  |x Tema Principal 
650 |a Arquitectura Moderna -  |x Historia y Crítica -  |x Tema Principal 
650 |a Arte Moderno -  |x Historia y Crítica 
700 |a García Millán, Juan  |e (presentación) 
700 |a Roca, Estanislau  |e (presentación) 
910 |a Fondo General 
920 |a Impresos - Libros 
930 |a Colección General 
905 |a 101 
901 |a 628597-10  |b IT1  |c ACC  |i C193403  |u 20260219 
902 |a https://opac.biblio.iteso.mx/vufind/Record/000628597